000 00455cam a2200145 4500500
005 20251012010801.0
041 _afre
042 _adc
100 1 0 _aAucouturier, Michel
_eauthor
245 0 0 _aLa vérité de la foi
260 _c2010.
500 _a65
786 0 _nPhilosophie magazine | 44 | 11 | 2010-11-01 | p. 28-29 | 1951-1787
856 4 1 _uhttps://shs.cairn.info/magazine-philosophie-magazine-2010-11-page-28?lang=fr&redirect-ssocas=7080
999 _c1520616
_d1520616